Harry Potter Alliterative Names - Statistics

General Stats
  • This quiz has been taken 6,239 times
  • The average score is 13 of 31
Answer Stats
Hint Answer % Correct
S.S. Severus Snape
76%
M.M. Minerva McGonagall
73%
L.L. Luna Lovegood
69%
P.P. Peter Pettigrew
64%
F.F. Filius Flitwick
61%
S.S. Salazar Slytherin
61%
H.H. Helga Hufflepuff
59%
G.G. Godric Gryffindor
58%
R.R. Rowena Ravenclaw
58%
D.D. Dudley Dursley
56%
P.P. Padma Patil
55%
P.P. Parvati Patil
54%
B.B. Bathilda Bagshot
53%
Q.Q. Quirinus Quirrell
52%
G.G. Gregory Goyle
50%
P.P. Pansy Parkinson
45%
C.C. Cho Chang
41%
P.P. Poppy Pomfrey
39%
C.C. Colin Creevey
37%
D.D. Dedalus Diggle
34%
M.M. "Moaning" Myrtle
31%
B.B. Bloody Baron
25%
T.T. Ted Tonks
24%
G.G. Gellert Grindelwald
22%
W.W. William (Bill) Weasley
22%
F.F. Fat Friar
17%
N.N. Nearly-Headless Nick
17%
S.S. Stan Shunpike
17%
M.M. "Mad-Eye" Moody
16%
F.F. Florean Fortescue
12%
B.B. Bertie Bott
8%
No matching quizzes found
Score Distribution
Percent of People with Each Score
Percentile by Number Answered
Your Score History
You have not taken this quiz